| 000 | 00649nam a22001817a 4500 | ||
|---|---|---|---|
| 999 |
_c60720 _d60720 |
||
| 005 | 20231012174457.0 | ||
| 008 | 231012s1999 ge ||||| |||| 00| 0 eng d | ||
| 020 | _a9992822546 | ||
| 041 | _aeng | ||
| 080 | _a27 D-90 | ||
| 100 |
_aDundua, Tedo. _917376 |
||
| 245 |
_aChristianity and mithraism : _bThe Georgian story / _cTedo Dundua ; History Teachers Assosiation of Georgia. |
||
| 264 |
_aTbilisi : _bMeridian, _c1999. |
||
| 300 |
_a23 p. : _b ill. ; _c26 cm. |
||
| 653 | _aქრისტიანობა საქართველოში | ||
| 653 | _aმიტრაიზმი საქართველოში | ||
| 942 |
_2udc _cBK |
||